Chansons de Violetta - Statistiques

Statistiques générales
  • Ce quiz a été pris 3 670 fois
  • Le résultat moyen est 25 sur 62
Statistiques - réponses
Saison Chanson % Correct
1 En mi mundo
81%
1 Voy por ti
78%
1 Te creo
75%
1 Podemos
74%
1 Habla si puedes
67%
1 Ser mejor
65%
2 Yo soy así
64%
3 Underneath it all
58%
2 Hoy somos más
56%
2 On beat
56%
1 Junto a ti
53%
2 Nuestro camino
53%
1 Veo veo
53%
2 Cómo quieres
49%
2 Código amistad
48%
1 Destinada a brillar
48%
3 Supercreativa
48%
1 Juntos somos más
47%
1 Ven y canta
47%
1 Are you ready for the ride ?
46%
2 Si es por amor
46%
3 Quiero
45%
3 En gira
44%
3 Amor en el aire
41%
3 Descubrí
41%
1 Entre tú y yo
41%
2 Euforia
41%
2 Peligrosamente bellas
40%
3 Crecimos juntos
39%
3 Friends 'till the end
37%
1 Te esperaré
37%
3 Llámame
36%
2 Luz, cámara y acción
36%
2 Entre dos mundos
35%
2 Soy mi mejor momento
35%
1 Tienes todo
35%
3 Abrázame y verás
34%
3 Aprendí a decir adiós
34%
2 Alcancemos les estrellas
33%
1 Algo suena en mí
33%
2 Algo se enciende
32%
2 Te fazer feliz
31%
1 Cuando me voy
30%
1 Dile que sí
30%
3 Mi princesa
29%
3 A mi lado
27%
1 Verte de lejos
27%
1 Ahí estaré
26%
3 Rescata mi corazón
26%
3 Ser quien soy
26%
1 Tienes el talento
26%
2 Ven con nosotros
26%
3 Encender nuestra luz
24%
2 Esto no puede terminar
23%
3 Más que dos
23%
3 Mil vidas atrás
23%
3 Es mi pasión
20%
1 Tu foto de verano
19%
3 Sólo pienso en ti
16%
3 Más que una amistad
14%
1 Mi perdición
14%
2 A los cuatro vientos
12%
Aucun quiz correspondant
Distribution des résultats
% des personnes avec chaque résultat
Percentile par nombre de réponses
Votre historique - résultats
Vous n’avez pas pris ce quiz